000 01108cam a22003018i 4500
001 1002722369
003 AUA.1
005 20251120171539.0
008 170831s2018 idua 001 0beng
010 _a2016047941
020 _a9780816362004
020 _a0816362009
035 _a(OCoLC)1002722369
040 _aDLC
_beng
_erda
_cDLC
_dOCLCQ
_dEXN
_dJTL
050 0 0 _aBX6143.B95
_bS77 2018
082 0 0 _a286.7092
_aB
_223
100 1 _aStrayer, Brian Eugene,
_eauthor.
_947393
245 1 0 _aJohn Byington :
_bfirst General Conference President, circuit-riding preacher, and radical reformer /
_cBrian E. Strayer.
260 _aNampa, Idaho :
_bPacific Press Publishing Association;
_cc2017.
300 _a302 pages :
_billustrations ;
_c24 cm.
490 0 _aAdventist pioneer series ;
_v12.
500 _aIncludes index.
600 1 0 _aByington, John,
_d1798-1887.
600 3 0 _aByington family.
610 2 0 _aGeneral Conference of Seventh-Day Adventists
_xPresidents
_vBiography.
830 0 _aRonald L. Numbers Library Collection.
942 _2lcc
_cBOOK
_hBX 6143 .B95
_iS77 2018
999 _c25263
_d25263